Statistics for Bosnia & Herzegovina in Eurovision - 12 points

Click here to take the quiz!

General Stats

  • This quiz has been taken 21 times
    (17 since last reset)
  • The average score is 28 of 33

Answer Stats

HintAnswer% Correct
2006Croatia
100%
2005 SFCroatia
100%
2016 SF (Televote)Croatia
100%
2012 SFCroatia
100%
2009Croatia
100%
2005Croatia
100%
2010Serbia
100%
2010 SFSerbia
100%
2008Serbia
100%
2007Serbia
100%
2007 SFSerbia
100%
2016 (Televote)Serbia
100%
1997Turkey
93%
2009 SFTurkey
93%
2003Turkey
93%
2006 SFTurkey
93%
2011Slovenia
87%
2011 SFSlovenia
87%
1993Austria
80%
2008 SFMontenegro
80%
2012North Macedonia
80%
KZM (1993 QR)Slovakia
73%
2002Sweden
73%
1999Sweden
73%
2016 (Jury)Ukraine
73%
2001France
67%
1996Ireland
67%
1996 QRIreland
67%
1995Malta
67%
1994Malta
67%
2016 SF (Jury)Czech Republic
60%
2004 SFSerbia & Montenegro
53%
2004Serbia & Montenegro
53%

Score Distribution

Percentile by Number Answered

Percent of People with Each Score

Your Score History

You have not taken this quiz since the last reset